Statistiques concernant Pays sans les lettres de "Canada"

Cliquez ici pour prendre le quiz!

Statistiques générales

  • Ce quiz a été pris 14 298 fois
  • Le résultat moyen est 11 sur 22

Statistiques - réponses

ContinentPays% Correct
Amérique du SudBrésil
76%
EuropeRussie
71%
Amérique du NordMexique
70%
Amérique du SudPérou
68%
Amérique du SudBolivie
63%
EuropeBelgique
59%
AfriqueÉgypte
57%
EuropeSuisse
57%
EuropeKosovo
50%
AfriqueLibye
50%
AfriqueTogo
48%
Amérique du NordBelize
47%
EuropeLuxembourg
47%
EuropeSerbie
46%
EuropeBiélorussie
42%
AfriqueLesotho
42%
AsieTurquie
42%
AfriqueÉrythrée
40%
AsieSyrie
39%
AfriqueÉthiopie
37%
AsieKoweït
34%
AsieGéorgie
28%

Distribution des résultats

Percentile par nombre de réponses

% des personnes avec chaque résultat

Votre développement - résultats

Vous n’avez pas pris ce quiz